[Event "Titled Tuesday intern op 26th Sep Early"]
[Site "Chess.com INT"]
[Date "2023.09.26"]
[Round "3"]
[White "Goswami, Vedant"]
[Black "Osiecki, Stanislaw"]
[Result "1-0"]
[WhiteElo "2034"]
[BlackElo "1996"]
[PlyCount "69"]
[EventDate "2023.09.26"]
[EventType "swiss (blitz)"]
[EventRounds "11"]
[EventCountry "USA"]
[SourceTitle "EXT 2024"]
[Source "ChessBase"]
[SourceDate "2023.10.10"]
[SourceVersion "1"]
[SourceVersionDate "2023.10.10"]
[SourceQuality "1"]

1. g3 d5 2. Bg2 Nc6 3. c4 d4 4. b4 a6 5. b5 axb5 6. cxb5 Ne5 7. d3 e6 8. Bf4 Bb4+ 9. Nd2 Ng6 10. Ngf3 Nxf4 11. gxf4 Qf6 12. 0-0 Qxf4 13. Qb3 Bxd2 14. Nxd2 Qxd2 15. Rac1 Qf4 16. e3 dxe3 17. fxe3 Qxe3+ 18. Kh1 Qb6 19. d4 Nf6 20. Qg3 Kf8 21. Rxc7 Qxb5 22. Rxf6 gxf6 23. Qd6+ Kg7 24. h4 Qb1+ 25. Kh2 Qf5 26. Rc3 h6 27. Rg3+ Kh7 28. Qe7 Qh5 29. Qxf6 Rg8 30. Be4+ Rg6 31. Qxf7+ Kh8 32. Qf8+ Kh7 33. Bxg6+ Qxg6 34. Qe7+ Kh8 35. Rxg6 1-0

[Event "Titled Tuesday intern op 26th Sep Early"]
[Site "Chess.com INT"]
[Date "2023.09.26"]
[Round "11"]
[White "Tulchynskyi, Feliks"]
[Black "Goswami, Vedant"]
[Result "0-1"]
[WhiteElo "2228"]
[BlackElo "2034"]
[PlyCount "166"]
[EventDate "2023.09.26"]
[EventType "swiss (blitz)"]
[EventRounds "11"]
[EventCountry "USA"]
[SourceTitle "EXT 2024"]
[Source "ChessBase"]
[SourceDate "2023.10.10"]
[SourceVersion "1"]
[SourceVersionDate "2023.10.10"]
[SourceQuality "1"]

1. d4 d5 2. Nc3 Nf6 3. Bf4 c6 4. e3 Bg4 5. f3 Bh5 6. Bd3 e6 7. h4 Bg6 8. h5 Bxd3 9. Qxd3 Nbd7 10. g4 h6 11. Nd1 Qb6 12. c3 c5 13. Ne2 Bd6 14. Bxd6 Qxd6 15. Nf2 e5 16. 0-0-0 0-0-0 17. Ng3 c4 18. Nf5 Qa6 19. Qb1 Rh7 20. a3 Re8 21. Rhe1 e4 22. fxe4 Nxe4 23. Nxe4 Rxe4 24. Ng3 Nf6 25. Nxe4 Nxe4 26. Rf1 f6 27. Rf5 Qe6 28. Re1 Rh8 29. Qc2 b5 30. a4 a6 31. Kd1 Re8 32. Rf4 Kc7 33. Ke2 Ng5 34. Kf1 Qd6 35. axb5 axb5 36. Kg2 Rxe3 37. Rxe3 Qxf4 38. Qe2 Ne4 39. Qf3 Qg5 40. Re2 Kc6 41. Qf5 Qxf5 42. gxf5 b4 43. cxb4 Kb5 44. Kf3 Kxb4 45. Rg2 Ng5+ 46. Ke3 Kb3 47. Kf4 Kb4 48. Re2 Kb3 49. Re7 Kxb2 50. Ke3 Ne4 51. Rb7+ Kc2 52. Rxg7 c3 53. Rb7 Kd1 54. Rc7 c2 55. Kd3 c1Q 56. Rxc1+ Kxc1 57. Ke3 Kc2 58. Kf4 Kc3 59. Kf3 Kxd4 60. Kg4 Ke5 61. Kh3 Kxf5 62. Kh2 Kg5 63. Kh1 Kxh5 64. Kg1 d4 65. Kf1 Kg4 66. Ke1 Kf4 67. Kd1 d3 68. Kc1 h5 69. Kb2 h4 70. Ka3 h3 71. Kb3 h2 72. Ka4 d2 73. Kb5 d1Q 74. Kb6 Ng5 75. Ka6 Nh3 76. Ka7 Kg3 77. Kb6 Kg4 78. Ka7 Kf5 79. Kb8 Ke6 80. Ka7 h1Q 81. Kb8 Qc2 82. Ka7 Qhb1 83. Ka8 Qca2# 0-1

[Event "Titled Tuesday intern op 19th Sep Early"]
[Site "Chess.com INT"]
[Date "2023.09.19"]
[Round "1"]
[White "Goswami, Vedant"]
[Black "Ingebretsen, Jens E"]
[Result "0-1"]
[WhiteElo "2034"]
[BlackElo "2408"]
[PlyCount "108"]
[EventDate "2023.09.19"]
[EventType "swiss (blitz)"]
[EventRounds "11"]
[EventCountry "USA"]
[SourceTitle "EXT 2024"]
[Source "ChessBase"]
[SourceDate "2023.10.10"]
[SourceVersion "1"]
[SourceVersionDate "2023.10.10"]
[SourceQuality "1"]

1. a3 e5 2. e4 Nf6 3. Nc3 Nc6 4. Nf3 d5 5. exd5 Nxd5 6. Bb5 Nxc3 7. bxc3 Bd6 8. d4 exd4 9. cxd4 0-0 10. 0-0 Bg4 11. c3 Ne7 12. h3 Bh5 13. Re1 c5 14. Bg5 cxd4 15. cxd4 f6 16. Be3 Kh8 17. Be2 Nd5 18. Qb3 Nxe3 19. fxe3 Bg3 20. Rf1 Qe7 21. Bc4 Rae8 22. Rab1 b6 23. a4 Qxe3+ 24. Kh1 Qxb3 25. Rxb3 Bd6 26. d5 Bxf3 27. Rbxf3 Re4 28. Bb3 Rfe8 29. g4 h6 30. Kg2 Re2+ 31. R1f2 R8e3 32. Bd1 Re1 33. Rxe3 Rxe3 34. Rc2 Bc5 35. Bf3 Rd3 36. Re2 Kg8 37. h4 Kf7 38. g5 hxg5 39. hxg5 fxg5 40. Bh5+ g6 41. Bf3 Rd4 42. Re6 Rxa4 43. Be4 Rd4 44. Bxg6+ Kg7 45. Be4 a5 46. Kf3 a4 47. Re8 a3 48. Ra8 g4+ 49. Kf4 g3 50. Ra7+ Kf6 51. Rh7 g2 52. Rh6+ Kf7 53. Rg6 a2 54. Rxg2 a1Q 0-1

[Event "Titled Tuesday intern op 12th Sep Early"]
[Site "Chess.com INT"]
[Date "2023.09.12"]
[Round "5"]
[White "Goswami, Vedant"]
[Black "Mammadzada, Gunay Vuqar Qizi"]
[Result "0-1"]
[WhiteElo "2034"]
[BlackElo "2441"]
[PlyCount "124"]
[EventDate "2023.09.12"]
[EventType "swiss (blitz)"]
[EventRounds "11"]
[EventCountry "USA"]
[SourceTitle "EXT 2024"]
[Source "ChessBase"]
[SourceDate "2023.10.10"]
[SourceVersion "1"]
[SourceVersionDate "2023.10.10"]
[SourceQuality "1"]

1. d4 d5 2. Nf3 Nf6 3. Bf4 c5 4. e3 Nc6 5. Be2 Bg4 6. Nbd2 e6 7. h3 Bh5 8. c3 Bd6 9. dxc5 Bxc5 10. Nd4 Bxe2 11. Qxe2 0-0 12. 0-0 Re8 13. Nxc6 bxc6 14. e4 e5 15. Bg5 h6 16. Bh4 g5 17. Bg3 Nxe4 18. Nxe4 dxe4 19. Qxe4 Qd5 20. Rfe1 Qxe4 21. Rxe4 f6 22. Rc4 Bb6 23. Rxc6 Kf7 24. a4 Rec8 25. Rxc8 Rxc8 26. Rd1 Ke6 27. Kf1 Rc4 28. Ra1 e4 29. a5 Bd8 30. Bb8 a6 31. Ba7 Rc6 32. g4 h5 33. Ke2 f5 34. gxf5+ Kxf5 35. Bd4 g4 36. hxg4+ Kxg4 37. Rg1+ Kf5 38. f3 h4 39. b4 h3 40. Rh1 Rh6 41. c4 Rh4 42. Bf2 exf3+ 43. Kxf3 Rxc4 44. Rxh3 Rxb4 45. Rh6 Bf6 46. Bb6 Rb3+ 47. Ke2 Ra3 48. Rh5+ Ke4 49. Rh6 Bc3 50. Kd1 Kd3 51. Rh3+ Kc4 52. Rh4+ Kb3 53. Rh3 Ra1+ 54. Ke2 Kc4 55. Rh4+ Kb5 56. Rh5+ Kc6 57. Rh6+ Kd5 58. Rh5+ Ke4 59. Rh3 Bxa5 60. Bxa5 Rxa5 61. Kd2 Rc5 62. Ra3 a5 0-1

[Event "Titled Tuesday intern op 12th Sep Early"]
[Site "Chess.com INT"]
[Date "2023.09.12"]
[Round "4"]
[White "Tologontegin, Semetey"]
[Black "Goswami, Vedant"]
[Result "0-1"]
[WhiteElo "2368"]
[BlackElo "2034"]
[PlyCount "54"]
[EventDate "2023.09.12"]
[EventType "swiss (blitz)"]
[EventRounds "11"]
[EventCountry "USA"]
[SourceTitle "EXT 2024"]
[Source "ChessBase"]
[SourceDate "2023.10.10"]
[SourceVersion "1"]
[SourceVersionDate "2023.10.10"]
[SourceQuality "1"]

1. c4 e5 2. d3 Nf6 3. Nf3 Nc6 4. a3 e4 5. dxe4 Nxe4 6. Nbd2 Nf6 7. b4 d6 8. Bb2 Be7 9. e3 a5 10. b5 Nb8 11. Bd3 Nbd7 12. Nb3 a4 13. Nbd4 Nc5 14. Bc2 0-0 15. h3 Bd7 16. 0-0 c6 17. Re1 Qb6 18. Rb1 Rfe8 19. Ba1 Qa5 20. e4 Rad8 21. Re3 Bf8 22. Qe2 Qc7 23. e5 dxe5 24. Nxe5 cxb5 25. Nxb5 Bxb5 26. Rxb5 Ne6 27. Qf3 b6 0-1

[Event "Titled Tuesday intern op 05th Sep Early"]
[Site "Chess.com INT"]
[Date "2023.09.05"]
[Round "4"]
[White "Tikhonov, Viacheslav"]
[Black "Goswami, Vedant"]
[Result "1/2-1/2"]
[WhiteElo "2181"]
[BlackElo "2034"]
[PlyCount "141"]
[EventDate "2023.09.05"]
[EventType "swiss (blitz)"]
[EventRounds "11"]
[EventCountry "USA"]
[SourceTitle "EXT 2024"]
[Source "ChessBase"]
[SourceDate "2023.10.10"]
[SourceVersion "1"]
[SourceVersionDate "2023.10.10"]
[SourceQuality "1"]

1. d4 Nf6 2. c4 e6 3. Nf3 Bb4+ 4. Bd2 Qe7 5. e3 b6 6. Bd3 Bb7 7. 0-0 Bxd2 8. Nbxd2 0-0 9. Qc2 d6 10. b4 Nbd7 11. a3 c5 12. dxc5 dxc5 13. b5 Rfd8 14. Ne4 a5 15. bxa6 Rxa6 16. a4 Rda8 17. Nc3 Bxf3 18. gxf3 Ne5 19. f4 Nf3+ 20. Kg2 Qb7 21. Be4 Nxe4 22. Qxe4 Nh4+ 23. Kh3 Qxe4 24. Nxe4 Nf5 25. Nc3 Nd6 26. Rad1 Nxc4 27. Rd7 Nb2 28. Rb1 Nxa4 29. Nxa4 Rxa4 30. Rxb6 h6 31. Rbb7 Rf8 32. Rb5 Ra2 33. Kg3 Rc2 34. Rc7 c4 35. Rbc5 Rb8 36. Rxc4 Rxc4 37. Rxc4 Rb7 38. Rc6 Kh7 39. Kg4 Rb4 40. Rc7 Kg6 41. Rc6 Kf6 42. Kf3 g5 43. fxg5+ hxg5 44. Rc5 Kg6 45. Kg3 Rb2 46. Rc8 Kg7 47. Rc5 Kg6 48. Ra5 Rb1 49. Kg4 Rg1+ 50. Kf3 g4+ 51. Kf4 f6 52. Ra6 e5+ 53. Ke4 Rg2 54. f4 gxf3 55. Kxf3 Rxh2 56. Ra8 Rh3+ 57. Ke4 Rh4+ 58. Kf3 Kf5 59. Ra5 Rh3+ 60. Kf2 Rh2+ 61. Kf3 Rh3+ 62. Kf2 Rh4 63. Kf3 Rb4 64. Rc5 Ke6 65. Rc6+ Kf7 66. Ra6 Kg6 67. Ra5 Kg5 68. Rc5 Kg6 69. Ra5 Rb3 70. Ke4 Rb4+ 71. Kf3 1/2-1/2

[Event "Titled Tuesday intern op 15th Aug Early"]
[Site "Chess.com INT"]
[Date "2023.08.15"]
[Round "5"]
[White "Goswami, Vedant"]
[Black "Baches Garcia, Guillermo"]
[Result "1-0"]
[WhiteElo "2034"]
[BlackElo "2327"]
[PlyCount "87"]
[EventDate "2023.08.15"]
[EventType "swiss (blitz)"]
[EventRounds "11"]
[EventCountry "USA"]
[SourceTitle "EXT 2024"]
[Source "ChessBase"]
[SourceDate "2023.10.10"]
[SourceVersion "1"]
[SourceVersionDate "2023.10.10"]
[SourceQuality "1"]

1. c4 e5 2. Nc3 Nf6 3. e4 d6 4. Nf3 Be7 5. d4 Nbd7 6. Be2 0-0 7. 0-0 c6 8. Re1 Qc7 9. d5 Nc5 10. Qc2 a5 11. Be3 Ng4 12. Bd2 f5 13. Ng5 h6 14. Bxg4 fxg4 15. Ne6 Nxe6 16. dxe6 Bxe6 17. Na4 Rf6 18. Be3 Raf8 19. Bb6 Qd7 20. Re2 Bd8 21. Rd1 Bxb6 22. Nxb6 Qc7 23. c5 dxc5 24. Qxc5 Qf7 25. Rdd2 Bxa2 26. Nd7 Qe6 27. Nxf8 Rxf8 28. Qxa5 Bc4 29. Re1 b5 30. Qc7 Rf7 31. Qd6 Qxd6 32. Rxd6 Ra7 33. Rxc6 Ra2 34. Rd1 Rxb2 35. h3 gxh3 36. gxh3 Be2 37. Rd7 Bf3 38. Rcc7 Bxe4 39. Rxg7+ Kh8 40. Rge7 Rb1+ 41. Kh2 Rh1+ 42. Kg3 Rg1+ 43. Kh4 Bh7 44. Rxh7+ 1-0

[Event "Titled Tuesday intern op 15th Aug Early"]
[Site "Chess.com INT"]
[Date "2023.08.15"]
[Round "4"]
[White "Goswami, Vedant"]
[Black "Ezat, Mohamed Mahmoud"]
[Result "0-1"]
[WhiteElo "2034"]
[BlackElo "2383"]
[PlyCount "56"]
[EventDate "2023.08.15"]
[EventType "swiss (blitz)"]
[EventRounds "11"]
[EventCountry "USA"]
[SourceTitle "EXT 2024"]
[Source "ChessBase"]
[SourceDate "2023.10.10"]
[SourceVersion "1"]
[SourceVersionDate "2023.10.10"]
[SourceQuality "1"]

1. c4 Nf6 2. Nc3 g6 3. e4 d6 4. g3 Bg7 5. Bg2 0-0 6. Nge2 c5 7. 0-0 Nc6 8. d3 a6 9. h3 Rb8 10. a4 Ne8 11. Be3 Nc7 12. d4 cxd4 13. Nxd4 Ne6 14. Nde2 Bd7 15. Qd2 Na5 16. Qd3 Rc8 17. Nd5 Nxc4 18. Rac1 b5 19. axb5 axb5 20. b3 Nxe3 21. Qxe3 Nc5 22. b4 Na4 23. Rxc8 Bxc8 24. Rc1 Kh8 25. Qd3 e6 26. Nc7 Bd7 27. Nxb5 Nb2 28. Qxd6 Bxb5 0-1

[Event "Titled Tuesday intern op 15th Aug Early"]
[Site "Chess.com INT"]
[Date "2023.08.15"]
[Round "9"]
[White "Povshednyi, Ivan"]
[Black "Goswami, Vedant"]
[Result "1-0"]
[WhiteElo "2223"]
[BlackElo "2034"]
[PlyCount "71"]
[EventDate "2023.08.15"]
[EventType "swiss (blitz)"]
[EventRounds "11"]
[EventCountry "USA"]
[SourceTitle "EXT 2024"]
[Source "ChessBase"]
[SourceDate "2023.10.10"]
[SourceVersion "1"]
[SourceVersionDate "2023.10.10"]
[SourceQuality "1"]

1. d4 Nf6 2. Nf3 e6 3. c4 Bb4+ 4. Nc3 Bxc3+ 5. bxc3 d6 6. Nd2 b6 7. e4 Qe7 8. Bd3 e5 9. 0-0 Nc6 10. d5 Na5 11. f4 exf4 12. Nf3 Nd7 13. Bxf4 0-0 14. Nd4 Ne5 15. Nf5 Bxf5 16. exf5 Rfe8 17. Qd2 Nxd3 18. Qxd3 Qe4 19. Qh3 Nxc4 20. f6 Qg6 21. fxg7 Re2 22. Rf3 Rae8 23. Raf1 Ne5 24. Bxe5 R2xe5 25. Rg3 Qh5 26. Qd7 R5e7 27. Qb5 Re1 28. Rxe1 Rxe1+ 29. Kf2 Qe5 30. Qd3 Ra1 31. Qxh7+ Kxh7 32. g8Q+ Kh6 33. Rh3+ Qh5 34. Rxh5+ Kxh5 35. Qxf7+ Kh6 36. Qf6+ 1-0

[Event "Titled Tuesday intern op 08th Aug Early"]
[Site "Chess.com INT"]
[Date "2023.08.08"]
[Round "8"]
[White "Goswami, Vedant"]
[Black "Gazineu Neto, Rubens"]
[Result "1-0"]
[WhiteElo "2034"]
[BlackElo "1912"]
[PlyCount "47"]
[EventDate "2023.08.08"]
[EventType "swiss (blitz)"]
[EventRounds "11"]
[EventCountry "USA"]
[SourceTitle "EXT 2024"]
[Source "ChessBase"]
[SourceDate "2023.10.10"]
[SourceVersion "1"]
[SourceVersionDate "2023.10.10"]
[SourceQuality "1"]

1. b3 e5 2. Bb2 d6 3. e3 Be6 4. c4 f5 5. d4 e4 6. d5 Bf7 7. Nh3 h6 8. Nd2 Nf6 9. Nf4 Qe7 10. h4 Nbd7 11. Be2 Ne5 12. h5 a5 13. Qc2 b6 14. a3 Rc8 15. 0-0-0 c6 16. dxc6 Rxc6 17. f3 exf3 18. Bxf3 Rc8 19. Rhe1 Nxf3 20. gxf3 Nxh5 21. Kb1 b5 22. Qxf5 Rc5 23. Qd3 Qf6 24. Bxf6 1-0

[Event "Titled Tuesday intern op 08th Aug Early"]
[Site "Chess.com INT"]
[Date "2023.08.08"]
[Round "10"]
[White "Goswami, Vedant"]
[Black "Swicarz, Maciej"]
[Result "0-1"]
[WhiteElo "2034"]
[BlackElo "2261"]
[PlyCount "228"]
[EventDate "2023.08.08"]
[EventType "swiss (blitz)"]
[EventRounds "11"]
[EventCountry "USA"]
[SourceTitle "EXT 2024"]
[Source "ChessBase"]
[SourceDate "2023.10.10"]
[SourceVersion "1"]
[SourceVersionDate "2023.10.10"]
[SourceQuality "1"]

1. b3 e5 2. Bb2 d6 3. e3 f5 4. d4 Nd7 5. Nd2 Ngf6 6. Bc4 Qe7 7. Ngf3 e4 8. Ng5 d5 9. Be2 g6 10. c4 c6 11. a4 h6 12. Ba3 c5 13. Nh3 g5 14. cxd5 Nxd5 15. Bh5+ Kd8 16. dxc5 Nxc5 17. Nc4 Be6 18. Rc1 Nd3+ 19. Qxd3 exd3 20. Bxe7+ Bxe7 21. 0-0 g4 22. Nf4 Nxf4 23. exf4 Rc8 24. Rfd1 Bxc4 25. Rxc4 Rxc4 26. bxc4 Bd6 27. Rxd3 Ke7 28. Re3+ Kd7 29. g3 Rf8 30. Bg6 Rf6 31. Bh7 Rf7 32. Bg6 Rf6 33. Be8+ Kc7 34. Kf1 a5 35. Ke2 b6 36. Bb5 Bc5 37. Re8 Kd6 38. Rd8+ Kc7 39. Rd7+ Kc8 40. Rd5 Kc7 41. Bd7 Bd6 42. Bxf5 h5 43. Be4 Re6 44. Kd3 Rh6 45. Bf5 Bc5 46. Ke2 h4 47. Bxg4 hxg3 48. hxg3 Rh2 49. Rd7+ Kc6 50. Rg7 Rxf2+ 51. Kd3 Kd6 52. Rg6+ Ke7 53. Bf5 Kf7 54. Be4 Rf1 55. f5 Re1 56. g4 Re3+ 57. Kc2 Rg3 58. Bd3 Be3 59. Rc6 Rxg4 60. c5 Bxc5 61. Kb3 Rb4+ 62. Kc3 Rxa4 63. Bc4+ Kf8 64. f6 Ra3+ 65. Kb2 Ke8 66. Rc8+ Kd7 67. Rh8 Rf3 68. f7 Kc6 69. Rd8 Rf6 70. Bd5+ Kc7 71. Rh8 Rf5 72. Be6 Rf2+ 73. Kc3 Rf4 74. Kd3 a4 75. Ra8 Kd6 76. Bc4 Ke7 77. Rxa4 Kf8 78. Ra8+ Kg7 79. Rg8+ Kh7 80. Be6 Rf6 81. Bd5 Rf4 82. Be4+ Kh6 83. Bd5 Kh7 84. Be4+ Kh6 85. Re8 Kg7 86. Rg8+ Kxf7 87. Rc8 Rh4 88. Rc7+ Ke6 89. Rc6+ Ke5 90. Bf3 Rh3 91. Ke2 Rh2+ 92. Kd3 Rh3 93. Ke2 Rh2+ 94. Kd3 Ra2 95. Rh6 Ra3+ 96. Ke2 Re3+ 97. Kf2 Rb3+ 98. Kg2 Kd4 99. Kg3 Ke3 100. Rh4 Kd2 101. Re4 Rd3 102. Re8 b5 103. Kf4 b4 104. Be4 Rc3 105. Rd8+ Kc1 106. Bd5 b3 107. Bxb3 Rxb3 108. Rc8 Rc3 109. Ke4 Kd2 110. Kd5 Rd3+ 111. Ke6 Bd4 112. Rd8 Ke3 113. Ra8 Rb3 114. Ra5 Ke4 0-1

[Event "Titled Tuesday intern op 08th Aug Early"]
[Site "Chess.com INT"]
[Date "2023.08.08"]
[Round "6"]
[White "Ladan, Nicholas John"]
[Black "Goswami, Vedant"]
[Result "1-0"]
[WhiteElo "2218"]
[BlackElo "2034"]
[PlyCount "97"]
[EventDate "2023.08.08"]
[EventType "swiss (blitz)"]
[EventRounds "11"]
[EventCountry "USA"]
[SourceTitle "EXT 2024"]
[Source "ChessBase"]
[SourceDate "2023.10.10"]
[SourceVersion "1"]
[SourceVersionDate "2023.10.10"]
[SourceQuality "1"]

1. d4 Nf6 2. Nf3 e6 3. Bf4 d5 4. e3 Bd6 5. Ne5 Nbd7 6. Bd3 Bxe5 7. dxe5 Ne4 8. Nd2 Nxd2 9. Qxd2 f6 10. exf6 Qxf6 11. 0-0-0 e5 12. Bg3 0-0 13. h4 Nc5 14. h5 c6 15. h6 g6 16. Bh4 Qf7 17. Qb4 b6 18. Kb1 Bf5 19. Bxf5 Qxf5 20. Rh3 Qe4 21. Qxe4 Nxe4 22. f3 Nc5 23. Be7 Rf7 24. Bxc5 bxc5 25. Rd3 e4 26. Rc3 c4 27. b3 exf3 28. gxf3 Rb8 29. Kb2 Rf5 30. Ka3 Kf7 31. bxc4 d4 32. Rb3 Rxb3+ 33. axb3 dxe3 34. f4 Rxf4 35. Rxe3 Rh4 36. Rd3 Ke7 37. c5 Rxh6 38. Rd6 Rh2 39. c4 g5 40. Rxc6 g4 41. Rc7+ Kd8 42. Rxa7 h5 43. Rg7 Rg2 44. c6 h4 45. b4 h3 46. b5 h2 47. Rh7 g3 48. b6 Rg1 49. b7 1-0

[Event "Titled Tuesday intern op 01st Aug Early"]
[Site "Chess.com INT"]
[Date "2023.08.01"]
[Round "3"]
[White "Goswami, Vedant"]
[Black "Wisniowski, Natalie"]
[Result "1-0"]
[WhiteElo "2034"]
[BlackElo "1882"]
[PlyCount "71"]
[EventDate "2023.08.01"]
[EventType "swiss (blitz)"]
[EventRounds "11"]
[EventCountry "USA"]
[SourceTitle "EXT 2024"]
[Source "ChessBase"]
[SourceDate "2023.10.10"]
[SourceVersion "1"]
[SourceVersionDate "2023.10.10"]
[SourceQuality "1"]

1. b3 e5 2. Bb2 Nc6 3. e3 Nf6 4. Bb5 d6 5. d4 exd4 6. exd4 Bd7 7. Nf3 g6 8. d5 Nb8 9. Be2 Bg7 10. 0-0 0-0 11. c4 Re8 12. Nbd2 Na6 13. Re1 Nc5 14. b4 Nce4 15. Nxe4 Rxe4 16. Bd3 Rxe1+ 17. Qxe1 Qe8 18. Kf1 Bg4 19. Nd2 Qd7 20. f3 Re8 21. Qf2 Bf5 22. Be2 Qa4 23. g4 Qxb4 24. Nb3 Bc2 25. Re1 Bxb3 26. axb3 Qxb3 27. Bd4 Qb4 28. h4 Nd7 29. Rd1 Nb6 30. Bxg7 Kxg7 31. h5 Nxc4 32. Qd4+ Kg8 33. Qxc4 Qxc4 34. Bxc4 Re3 35. Be2 Rb3 36. Rc1 1-0

[Event "Titled Tuesday intern op 01st Aug Early"]
[Site "Chess.com INT"]
[Date "2023.08.01"]
[Round "5"]
[White "Tikhonov, Viacheslav"]
[Black "Goswami, Vedant"]
[Result "1-0"]
[WhiteElo "2201"]
[BlackElo "2034"]
[PlyCount "105"]
[EventDate "2023.08.01"]
[EventType "swiss (blitz)"]
[EventRounds "11"]
[EventCountry "USA"]
[SourceTitle "EXT 2024"]
[Source "ChessBase"]
[SourceDate "2023.10.10"]
[SourceVersion "1"]
[SourceVersionDate "2023.10.10"]
[SourceQuality "1"]

1. d4 Nf6 2. Bf4 Nh5 3. Be5 d6 4. Bg3 Nxg3 5. hxg3 c5 6. dxc5 Qa5+ 7. Nd2 Qxc5 8. Ngf3 Nc6 9. e4 g6 10. c3 Bg7 11. Bd3 b5 12. Qe2 b4 13. 0-0 bxc3 14. bxc3 0-0 15. Nb3 Qh5 16. Nbd4 Bd7 17. Rab1 Rab8 18. Rb3 Rxb3 19. axb3 Qc5 20. Nb5 a6 21. b4 Qb6 22. Nbd4 Nxd4 23. Nxd4 Bxd4 24. cxd4 Qxd4 25. Bxa6 Qxb4 26. Rd1 Be6 27. e5 d5 28. Qe3 Ra8 29. Bf1 Kg7 30. Rd4 Qb2 31. Rh4 h5 32. Qg5 Rh8 33. Bd3 Qa1+ 34. Kh2 Qc3 35. Bb1 Qc5 36. f4 Qb4 37. f5 Qxb1 38. fxe6 fxe6 39. Qxe7+ Kh6 40. Qxe6 Qf5 41. Qxd5 Re8 42. Qd2+ Kg7 43. Rf4 Qxe5 44. Qd7+ Re7 45. Qd8 Re8 46. Qd7+ Re7 47. Qd2 g5 48. Rf3 h4 49. Qf2 hxg3+ 50. Rxg3 Rf7 51. Qd2 Rf4 52. Qd7+ Rf7 53. Qg4 1-0

[Event "Titled Tuesday intern op 18th Jul Early"]
[Site "Chess.com INT"]
[Date "2023.07.18"]
[Round "11"]
[White "Sarkar, Justin"]
[Black "Goswami, Vedant"]
[Result "1/2-1/2"]
[WhiteElo "2307"]
[BlackElo "2034"]
[PlyCount "114"]
[EventDate "2023.07.18"]
[EventType "swiss (blitz)"]
[EventRounds "11"]
[EventCountry "USA"]
[SourceTitle "EXT 2024"]
[Source "ChessBase"]
[SourceDate "2023.10.10"]
[SourceVersion "1"]
[SourceVersionDate "2023.10.10"]
[SourceQuality "1"]

1. e4 e5 2. f4 exf4 3. Nf3 Ne7 4. d4 d5 5. Nc3 dxe4 6. Nxe4 Nd5 7. Bd3 Be7 8. 0-0 0-0 9. c4 Ne3 10. Bxe3 fxe3 11. Qe2 Nc6 12. Qxe3 Bg4 13. d5 Nb4 14. Ne5 Bh5 15. Bb1 Bd6 16. Nxd6 cxd6 17. Nd3 Nxd3 18. Bxd3 Re8 19. Qd4 Qg5 20. Rae1 a6 21. Rxe8+ Rxe8 22. Qf4 Qxf4 23. Rxf4 Re3 24. Rd4 b6 25. Kf2 Re5 26. b4 Kf8 27. Re4 f6 28. Ke3 Ke7 29. Rxe5+ fxe5 30. Bxh7 a5 31. a3 Kf6 32. Be4 Bd1 33. g3 Bb3 34. Kd3 g5 35. Kc3 Bd1 36. bxa5 bxa5 37. c5 dxc5 38. Kc4 Ke7 39. Kxc5 Kd8 40. d6 Bb3 41. Kc6 Ba4+ 42. Kb6 Kd7 43. Kxa5 Bd1 44. Kb6 Kxd6 45. Bc6 Bc2 46. a4 e4 47. a5 e3 48. Bf3 Bd3 49. a6 e2 50. Bxe2 Bxe2 51. Kb7 Bf3+ 52. Kb8 Ke5 53. h4 gxh4 54. gxh4 Kf5 55. a7 Kg4 56. a8Q Bxa8 57. Kxa8 Kxh4 1/2-1/2

[Event "Titled Tuesday intern op 11th Jul Early"]
[Site "Chess.com INT"]
[Date "2023.07.11"]
[Round "4"]
[White "Dushyant, Sharma"]
[Black "Goswami, Vedant"]
[Result "0-1"]
[WhiteElo "2332"]
[BlackElo "2034"]
[PlyCount "76"]
[EventDate "2023.07.11"]
[EventType "swiss (blitz)"]
[EventRounds "11"]
[EventCountry "USA"]
[SourceTitle "EXT 2024"]
[Source "ChessBase"]
[SourceDate "2023.10.10"]
[SourceVersion "1"]
[SourceVersionDate "2023.10.10"]
[SourceQuality "1"]

1. e4 c6 2. d4 d5 3. exd5 cxd5 4. c3 Nc6 5. Bd3 Nf6 6. Nf3 Bg4 7. 0-0 e6 8. Be3 Bd6 9. Nbd2 0-0 10. Qc2 Rc8 11. a3 a6 12. Rae1 Re8 13. Bg5 h6 14. Bh4 Be7 15. h3 Bxf3 16. Nxf3 Nd7 17. Bxe7 Qxe7 18. Re3 Qf6 19. Rfe1 b5 20. Qe2 Na5 21. Ne5 Nxe5 22. dxe5 Qh4 23. Rg3 Nc4 24. Rg4 Qe7 25. Qf3 Kh8 26. Bb1 Nxb2 27. Qe2 Nc4 28. Qd3 g6 29. Qg3 Rg8 30. Rh4 Kg7 31. f4 Nd2 32. Bc2 Rc4 33. Kh2 Rgc8 34. Qe3 Qxh4 35. Qxd2 Rxc3 36. Bd1 Qg3+ 37. Kh1 Rc1 38. Re3 Rxd1+ 0-1

[Event "Titled Tuesday intern op 11th Jul Early"]
[Site "Chess.com INT"]
[Date "2023.07.11"]
[Round "3"]
[White "Dyachuk, Artem"]
[Black "Goswami, Vedant"]
[Result "1-0"]
[WhiteElo "2261"]
[BlackElo "2034"]
[PlyCount "75"]
[EventDate "2023.07.11"]
[EventType "swiss (blitz)"]
[EventRounds "11"]
[EventCountry "USA"]
[SourceTitle "EXT 2024"]
[Source "ChessBase"]
[SourceDate "2023.10.10"]
[SourceVersion "1"]
[SourceVersionDate "2023.10.10"]
[SourceQuality "1"]

1. e4 c6 2. d4 d5 3. e5 Bf5 4. Nf3 e6 5. Be2 Nd7 6. 0-0 Ne7 7. Be3 Bg4 8. Nbd2 Nf5 9. Bf4 Be7 10. h3 Bxf3 11. Nxf3 g5 12. Bd2 h5 13. c3 g4 14. Ne1 gxh3 15. g3 Bg5 16. Kh2 Qe7 17. Nf3 Bxd2 18. Qxd2 h4 19. g4 Nh6 20. Qg5 f6 21. Qg6+ Qf7 22. Bd3 Ke7 23. exf6+ Nxf6 24. Qxf7+ Nxf7 25. Kxh3 Rag8 26. Rae1 Nxg4 27. Bf5 Nfh6 28. Rxe6+ Kf7 29. Bxg4 Nxg4 30. Re2 Rf8 31. Kxg4 h3 32. Ng5+ Kg6 33. Re6+ Kg7 34. Re7+ Kg6 35. Rfe1 Rf6 36. R7e6 h2 37. Rxf6+ Kxf6 38. Rh1 1-0